• 首页
  • 本馆介绍
  • 公告通知
  • 最新文献
  • 馆藏检索
  • 电子资源
  • 读者导购
  • 参考咨询
  • 我的图书馆
  • 登录
  • 详细信息显示
  • 放入我的书架
  • 预约/预借图书
  • 作者相关作品
  • 分类相关作品
  • 丛书相关作品
  • 出版社相关作品

书目信息

  • 表格格式
  • 工作单格式
  • 卡片格式
题名:
性别意识与女性形象
    
 
作者: 梁巧娜 著
分册:  
出版信息: 北京   中央民族大学出版社  2004
页数: 331页
开本: 21cm
丛书名:
单 册:
中图分类: I042
科图分类:
主题词: 女性--人物形象--文学创作--研究
电子资源:
ISBN: 7-81056-909-0
000 01138nam0 2200301 450
000 01101nam0 2200289 450
000 01099nam0 2200301 450
000 01045nam0 2200277 450
000 01074nam0 2200265 450
000 01037nam0 2200253 45
001 TS-131350
005 20070111094822.76
010    @a7-81056-909-0@dCNY25.00
100    @a20060829d2004 em y0chiy0110 ea
101 0  @achi
102    @aCN@b110000
105    @ac z 000yy
200 1  @a性别意识与女性形象@AXing Bie Yi Shi Yu Nu^ Xing Xing Xiang@f梁巧娜著@FLiang Qiao Na Zhu
210    @a北京@c中央民族大学出版社@d2004
215    @a331页@c肖像@d21cm
330    @a本书共分六章,内容包括:性别与叙述、“象牙女郎”与创造者、泼妇与男权、男作家与潘金莲等。作者主要揭示在文学创作中,女性作家如何“按自己的观念和标准来创造男性和女性”,而不是制造男女二元对立的叙述模式。
606 0  @a女性@x人物形象@x文学创作@y研究
690    @aI042@v4
701  0 @a梁巧娜@ALiang Qiao Na@4著
801  0 @aCN@b中图数据@c20070111
905    @a10447@dI042@e134
    
    性别意识与女性形象/梁巧娜著.-北京:中央民族大学出版社,2004
    331页:肖像;21cm
    
    
    ISBN 7-81056-909-0:CNY25.00
    本书共分六章,内容包括:性别与叙述、“象牙女郎”与创造者、泼妇与男权、男作家与潘金莲等。作者主要揭示在文学创作中,女性作家如何“按自己的观念和标准来创造男性和女性”,而不是制造男女二元对立的叙述模式。
●
相关链接 在E读中查询图书 在五车中查询图书 在当当中查询图书 在豆瓣中查询图书


正题名:性别意识与女性形象     索取号:I042/134         预约/预借

序号 登录号 条形码 馆藏地/架位号 状态 备注
1 0619301   206193019   第一样本阅览室/ [索取号:I042/134] 在馆    
2 0619302   206193028   第二借阅区/ [索取号:I042/134] 在馆    
3 0619303   206193037   第二借阅区/ [索取号:I042/134] 在馆    
4 0619304   206193046   第二借阅区/ [索取号:I042/134] 在馆    
5 0619305   206193055   第二借阅区/ [索取号:I042/134] 在馆    
6 0619306   206193064   第二借阅区/ [索取号:I042/134] 在馆    
唐山师范学院图书馆 欢迎您!
大连网信软件有限公司© 版权所有